000 00934nam a22002411a 4500
001 000021935
005 20250331134728.0
008 090822s1946 mx 000 0 spa
040 _aDO-SdBNP
_bspa
_cBNPHU
082 _a370.938
_bJ22p
100 1 _aJaeger, Werner Wilhelm,
_d1888-1961.
_928927
240 1 0 _aPaideia; die formung des griechischen menechen.
_lSpan.
245 1 0 _aPaideia; :
_blos ideales de la cultura griega /
_cVersión española de Joaquín Xirau.
260 _aMexico, D. F. :
_bFondo de cultura economica,
_c1946.
300 _a1 v. ;
_c24 cm.
500 _aIncluye índice analítico.
505 0 _aI. La primera Grecia. Culminacion y crisis del espiritu atico. Tr. de la 2. ed. alemana.
650 4 _aEducación
_zGrecia
_928928
651 0 _aGrecia --
_xCivilización
_928929
650 4 _aLiteratura griega
_xHistoria y crítica.
_928930
700 1 _aXirau, Joaquim,
_d1895-
_etr.
_928931
049 _aBNGR
999 _c21433
_d21433